|
|
|
|
| LEADER |
00888nab#a2200313#ar4500 |
| 001 |
000054539 |
| 003 |
SVKKK |
| 005 |
20051114114314.0 |
| 008 |
051027c2005 xo e slo |
| FMT |
|
|
|
| 038 |
|
|
|a SVKKK
|
| 040 |
|
|
|a SVKKK
|b slo
|e AACR2
|
| 041 |
0 |
|
|a slo
|
| 044 |
|
|
|a xo
|c SK
|
| 080 |
|
|
|a 628.54(437.6)
|2 1997
|
| 080 |
|
|
|a 678:061.5(437.6)
|2 1997
|
| 100 |
1 |
|
|a Kunik, Jozef
|4 aut
|
| 245 |
1 |
0 |
|a Matador - značka storočného mladíka :
|b priekopník v starostlivosti o životné prostredie
|c Jozef Kunik, Zdena Rabayová
|
| 300 |
|
|
|a Fotogr.
|
| 610 |
2 |
4 |
|a Matador (Púchov, Slovensko)
|x prostredie životné
|
| 650 |
0 |
4 |
|a prostredie životné
|x ochrana
|z Slovensko
|
| 700 |
1 |
|
|a Rabayová, Zdena
|4 aut
|
| 773 |
0 |
|
|t XXI. storočie
|x 1335-874X
|g Roč. 8, č. 2 (2005), s. 8-11
|
| 958 |
|
|
|a SK
|
| 992 |
|
|
|a RBX
|
| BAS |
|
|
|
| 852 |
|
|
|a SVKKK
|b BIB
|
| EXP |
|
|
|
| 998 |
|
|
|a GEO
|